[Event "2024 US National High School (K-12) Championship"]
[Site "Baltimore, Maryland, United States"]
[Date "2024.04.05"]
[Round "2.6"]
[White "Liu, Eric Chang"]
[Black "Chakravarty, Aritro"]
[Result "1-0"]
[TimeControl "G/90; d10"]
[WhiteTitle "FM"]
[WhiteFideId "30960240"]
[BlackFideId "30976847"]
[WhiteElo "2435"]
[BlackElo "2126"]

1. e4 {[%clk 01:30:00]} {[%emt 00:00:02]} c5 {[%clk 01:30:00]} {[%emt
00:00:05]} 2. Nf3 {[%clk 01:30:00]} {[%emt 00:00:04]} d6 {[%clk 01:30:00]}
{[%emt 00:00:02]} 3. d4 {[%clk 01:30:00]} {[%emt 00:00:05]} cxd4 {[%clk
01:30:00]} {[%emt 00:00:02]} 4. Nxd4 {[%clk 01:30:00]} {[%emt 00:00:05]} Nf6
{[%clk 01:30:00]} {[%emt 00:00:02]} 5. Nc3 {[%clk 01:30:00]} {[%emt 00:00:06]}
Nc6 {[%clk 01:30:00]} {[%emt 00:00:02]} 6. Bb5 {[%clk 01:30:00]} {[%emt
00:00:06]} Bd7 {[%clk 01:30:00]} {[%emt 00:00:04]} 7. Bg5 {[%clk 01:30:00]}
{[%emt 00:00:04]} e6 {[%clk 01:29:43]} {[%emt 00:00:27]} 8. Qd3 {[%clk
01:30:00]} {[%emt 00:00:05]} Be7 {[%clk 01:29:36]} {[%emt 00:00:17]} 9. O-O-O
{[%clk 01:30:00]} {[%emt 00:00:05]} a6 {[%clk 01:29:28]} {[%emt 00:00:18]} 10.
Bxc6 {[%clk 01:30:00]} {[%emt 00:00:09]} bxc6 {[%clk 01:29:28]} {[%emt
00:00:07]} 11. Nb3 {[%clk 01:29:40]} {[%emt 00:00:30]} d5 {[%clk 01:28:03]}
{[%emt 00:01:35]} 12. e5 {[%clk 01:14:33]} {[%emt 00:15:17]} Ng4 {[%clk
01:26:46]} {[%emt 00:01:26]} 13. Bxe7 {[%clk 01:14:33]} {[%emt 00:00:08]} Qxe7
{[%clk 01:26:46]} {[%emt 00:00:03]} 14. Qg3 {[%clk 01:14:33]} {[%emt 00:00:07]}
f5 {[%clk 01:26:32]} {[%emt 00:00:24]} 15. Na4 {[%clk 01:13:42]} {[%emt
00:01:01]} a5 {[%clk 01:21:55]} {[%emt 00:04:46]} 16. h3 {[%clk 01:08:24]}
{[%emt 00:05:28]} Nh6 {[%clk 01:21:18]} {[%emt 00:00:48]} 17. f4 {[%clk
01:08:14]} {[%emt 00:00:20]} c5 {[%clk 01:17:31]} {[%emt 00:03:57]} 18. Nbxc5
{[%clk 01:07:30]} {[%emt 00:00:54]} Bxa4 {[%clk 01:16:54]} {[%emt 00:00:46]} 19.
Nxa4 {[%clk 01:07:30]} {[%emt 00:00:04]} Qb4 {[%clk 01:14:58]} {[%emt
00:02:06]} 20. Qxg7 {[%clk 00:55:06]} {[%emt 00:12:35]} Nf7 {[%clk 01:13:55]}
{[%emt 00:01:13]} 21. b3 {[%clk 00:55:06]} {[%emt 00:00:06]} Qxf4+ {[%clk
01:06:05]} {[%emt 00:08:00]} 22. Kb1 {[%clk 00:54:16]} {[%emt 00:01:00]} Qg5
{[%clk 01:05:11]} {[%emt 00:01:03]} 23. Qxg5 {[%clk 00:53:33]} {[%emt
00:00:54]} Nxg5 {[%clk 01:05:11]} {[%emt 00:00:02]} 24. c4 {[%clk 00:46:48]}
{[%emt 00:06:54]} Ne4 {[%clk 01:04:10]} {[%emt 00:01:11]} 25. Rd4 {[%clk
00:46:30]} {[%emt 00:00:28]} Rg8 {[%clk 01:01:20]} {[%emt 00:02:59]} 26. g4
{[%clk 00:41:26]} {[%emt 00:05:15]} f4 {[%clk 00:55:50]} {[%emt 00:05:40]} 27.
Rf1 {[%clk 00:36:10]} {[%emt 00:05:26]} Rf8 {[%clk 00:54:40]} {[%emt 00:01:21]}
28. cxd5 {[%clk 00:28:30]} {[%emt 00:07:49]} exd5 {[%clk 00:53:29]} {[%emt
00:01:21]} 29. Rf3 {[%clk 00:26:52]} {[%emt 00:01:48]} Rb8 {[%clk 00:46:23]}
{[%emt 00:07:16]} 30. Rxd5 {[%clk 00:24:45]} {[%emt 00:02:18]} Ng5 {[%clk
00:45:31]} {[%emt 00:01:01]} 31. Rf1 {[%clk 00:24:45]} {[%emt 00:00:03]} f3
{[%clk 00:42:10]} {[%emt 00:03:30]} 32. Rd3 {[%clk 00:18:35]} {[%emt 00:06:21]}
Rd8 {[%clk 00:33:12]} {[%emt 00:09:08]} 33. Re3 {[%clk 00:18:35]} {[%emt
00:00:05]} f2 {[%clk 00:30:16]} {[%emt 00:03:05]} 34. Kc1 {[%clk 00:18:35]}
{[%emt 00:00:04]} Rd4 {[%clk 00:27:17]} {[%emt 00:03:09]} 35. Nc3 {[%clk
00:13:32]} {[%emt 00:05:13]} Ke7 {[%clk 00:25:17]} {[%emt 00:02:07]} 36. a4
{[%clk 00:09:02]} {[%emt 00:04:43]} Ke6 {[%clk 00:24:12]} {[%emt 00:01:14]} 37.
Kb2 {[%clk 00:06:08]} {[%emt 00:03:05]} Rd2+ {[%clk 00:20:22]} {[%emt
00:04:00]} 38. Kc1 {[%clk 00:04:06]} {[%emt 00:02:12]} Rd4 {[%clk 00:20:15]}
{[%emt 00:00:16]} 39. Kb2 {[%clk 00:03:58]} {[%emt 00:00:19]} Rd2+ {[%clk
00:19:49]} {[%emt 00:00:36]} 40. Kb1 {[%clk 00:03:48]} {[%emt 00:00:20]} Rd4
{[%clk 00:14:18]} {[%emt 00:05:41]} 41. Kc1 {[%clk 00:03:19]} {[%emt 00:00:41]}
Rf7 {[%clk 00:13:31]} {[%emt 00:00:55]} 42. Kb2 {[%clk 00:02:46]} {[%emt
00:00:43]} Rd2+ {[%clk 00:13:26]} {[%emt 00:00:15]} 43. Ka3 {[%clk 00:02:46]}
{[%emt 00:00:09]} Rc2 {[%clk 00:11:25]} {[%emt 00:02:09]} 44. h4 {[%clk
00:01:33]} {[%emt 00:01:25]} Nf3 {[%clk 00:09:39]} {[%emt 00:01:55]} 45. Ne2
{[%clk 00:00:37]} {[%emt 00:01:06]} Nd2 {[%clk 00:07:37]} {[%emt 00:02:12]} 46.
Nd4+ {[%clk 00:00:20]} {[%emt 00:00:28]} Ke7 {[%clk 00:07:28]} {[%emt
00:00:18]} 47. Rd1 {[%clk 00:00:09]} {[%emt 00:00:21]} f1=Q {[%clk 00:02:29]}
{[%emt 00:05:08]} 48. Rxf1 {[%clk 00:00:09]} {[%emt 00:00:03]} Nxf1 {[%clk
00:02:29]} {[%emt 00:00:01]} 49. Nxc2 {[%clk 00:00:09]} {[%emt 00:00:05]} Nxe3
{[%clk 00:02:29]} {[%emt 00:00:01]} 50. Nxe3 {[%clk 00:00:09]} {[%emt
00:00:01]} Ke6 {[%clk 00:02:29]} {[%emt 00:00:01]} 51. Nc4 {[%clk 00:00:09]}
Rf4 {[%clk 00:02:28]} {[%emt 00:00:12]} 52. Nxa5 {[%clk 00:00:09]} {[%emt
00:00:01]} Rxg4 {[%clk 00:02:28]} {[%emt 00:00:01]} 53. Nc4 {[%clk 00:00:09]}
{[%emt 00:00:09]} Rxh4 {[%clk 00:01:57]} {[%emt 00:00:40]} 54. a5 {[%clk
00:00:09]} Kd5 {[%clk 00:01:32]} {[%emt 00:00:36]} 55. a6 {[%clk 00:00:09]}
{[%emt 00:00:04]} Kc6 {[%clk 00:01:32]} {[%emt 00:00:02]} 56. Kb4 {[%clk
00:00:09]} {[%emt 00:00:09]} h5 {[%clk 00:01:32]} {[%emt 00:00:07]} 57. Kc3
{[%clk 00:00:09]} {[%emt 00:00:11]} Re4 {[%clk 00:00:29]} {[%emt 00:01:12]} 58.
a7 {[%clk 00:00:09]} {[%emt 00:00:06]} 1-0

[Event "2024 US National High School (K-12) Championship"]
[Site "Baltimore, Maryland, United States"]
[Date "2024.04.05"]
[Round "2.7"]
[White "Rawshani, Kamran"]
[Black "Huston, Gus"]
[Result "0-1"]
[TimeControl "G/90; d10"]
[BlackTitle "IM"]
[WhiteFideId "39908178"]
[BlackFideId "30909090"]
[WhiteElo "2130"]
[BlackElo "2460"]

1. e4 {[%clk 01:30:00]} {[%emt 00:00:03]} c5 {[%clk 01:29:53]} {[%emt
00:00:18]} 2. Nc3 {[%clk 01:30:00]} {[%emt 00:00:09]} Nc6 {[%clk 01:29:53]}
{[%emt 00:00:02]} 3. Bb5 {[%clk 01:29:09]} {[%emt 00:01:01]} Nd4 {[%clk
01:29:53]} {[%emt 00:00:02]} 4. Nf3 {[%clk 01:29:09]} {[%emt 00:00:06]} a6
{[%clk 01:29:53]} {[%emt 00:00:04]} 5. Bd3 {[%clk 01:28:29]} {[%emt 00:00:50]}
e6 {[%clk 01:29:25]} {[%emt 00:00:38]} 6. O-O {[%clk 01:27:33]} {[%emt
00:01:05]} Ne7 {[%clk 01:29:25]} {[%emt 00:00:02]} 7. Re1 {[%clk 01:19:02]}
{[%emt 00:08:40]} Nec6 {[%clk 01:29:25]} {[%emt 00:00:10]} 8. Nd5 {[%clk
01:06:44]} {[%emt 00:12:28]} Bd6 {[%clk 01:24:44]} {[%emt 00:04:51]} 9. Ne3
{[%clk 01:04:27]} {[%emt 00:02:26]} Qc7 {[%clk 01:23:36]} {[%emt 00:01:18]} 10.
h3 {[%clk 01:00:22]} {[%emt 00:04:13]} Nxf3+ {[%clk 01:21:20]} {[%emt
00:02:28]} 11. Qxf3 {[%clk 01:00:21]} {[%emt 00:00:12]} Ne5 {[%clk 01:21:20]}
{[%emt 00:00:02]} 12. Qe2 {[%clk 00:59:45]} {[%emt 00:00:46]} b5 {[%clk
01:17:01]} {[%emt 00:04:29]} 13. b3 {[%clk 00:58:14]} {[%emt 00:01:41]} Bb7
{[%clk 01:17:01]} {[%emt 00:00:05]} 14. Bb2 {[%clk 00:57:04]} {[%emt 00:01:20]}
O-O {[%clk 01:15:25]} {[%emt 00:01:45]} 15. a4 {[%clk 00:53:22]} {[%emt
00:03:54]} Nxd3 {[%clk 01:05:10]} {[%emt 00:10:24]} 16. Qxd3 {[%clk 00:51:47]}
{[%emt 00:01:45]} f6 {[%emt 00:15:38]} 17. e5 {[%clk 00:32:21]} {[%emt
00:19:04]} fxe5 {[%clk 00:48:05]} {[%emt 00:02:19]} 18. axb5 {[%clk 00:30:53]}
{[%emt 00:01:38]} axb5 {[%clk 00:48:05]} {[%emt 00:00:02]} 19. Rxa8 {[%clk
00:30:53]} {[%emt 00:00:07]} Bxa8 {[%clk 00:47:56]} {[%emt 00:00:19]} 20. Ng4
{[%clk 00:24:17]} {[%emt 00:06:46]} e4 {[%clk 00:41:26]} {[%emt 00:06:40]} 21.
Qc3 {[%clk 00:24:09]} {[%emt 00:00:18]} e5 {[%clk 00:41:26]} {[%emt 00:00:05]}
22. Nxe5 {[%clk 00:21:41]} {[%emt 00:02:37]} Rf6 {[%clk 00:34:57]} {[%emt
00:06:39]} 23. Ra1 {[%clk 00:16:40]} {[%emt 00:05:12]} Bd5 {[%clk 00:34:06]}
{[%emt 00:01:00]} 24. Ng4 {[%clk 00:16:06]} {[%emt 00:00:45]} Rg6 {[%clk
00:33:29]} {[%emt 00:00:46]} 25. Qa5 {[%clk 00:10:15]} {[%emt 00:06:02]} h5
{[%clk 00:24:32]} {[%emt 00:09:07]} 26. Qxc7 {[%clk 00:09:31]} {[%emt
00:00:54]} Bxc7 {[%clk 00:24:32]} {[%emt 00:00:01]} 27. Ne3 {[%clk 00:09:31]}
{[%emt 00:00:01]} Be6 {[%clk 00:23:13]} {[%emt 00:01:28]} 28. Kh1 {[%clk
00:09:16]} {[%emt 00:00:26]} d5 {[%clk 00:21:09]} {[%emt 00:02:14]} 29. Ra6
{[%clk 00:09:05]} {[%emt 00:00:20]} d4 {[%clk 00:20:30]} {[%emt 00:00:49]} 30.
Nd5 {[%clk 00:09:00]} {[%emt 00:00:15]} Bxd5 {[%clk 00:16:57]} {[%emt
00:03:45]} 31. Rxg6 {[%clk 00:09:00]} {[%emt 00:00:02]} Bf4 {[%clk 00:16:57]}
32. Ba3 {[%clk 00:03:44]} {[%emt 00:05:26]} b4 {[%clk 00:16:06]} {[%emt
00:01:01]} 33. Bc1 {[%clk 00:03:44]} {[%emt 00:00:05]} d3 {[%clk 00:15:53]}
{[%emt 00:00:22]} 34. cxd3 {[%clk 00:03:05]} {[%emt 00:00:50]} exd3 {[%clk
00:15:53]} 35. Bb2 {[%clk 00:02:37]} {[%emt 00:00:38]} Bxb3 {[%clk 00:13:39]}
{[%emt 00:02:23]} 36. Rxg7+ {[%clk 00:02:31]} {[%emt 00:00:16]} Kf8 {[%clk
00:13:39]} 37. Rg3 {[%clk 00:00:59]} {[%emt 00:01:42]} Bxg3 {[%clk 00:13:03]}
{[%emt 00:00:46]} 38. fxg3 {[%clk 00:00:59]} {[%emt 00:00:01]} c4 {[%clk
00:12:56]} {[%emt 00:00:17]} 39. Bd4 {[%clk 00:00:46]} {[%emt 00:00:24]} c3
{[%clk 00:11:59]} {[%emt 00:01:07]} 40. Bc5+ {[%clk 00:00:46]} {[%emt
00:00:02]} Kf7 {[%clk 00:11:59]} {[%emt 00:00:01]} 41. Bxb4 {[%clk 00:00:46]}
{[%emt 00:00:01]} c2 {[%clk 00:11:59]} {[%emt 00:00:01]} 42. Ba3 {[%clk
00:00:46]} Ke6 {[%clk 00:11:58]} {[%emt 00:00:11]} 43. Kg1 {[%clk 00:00:42]}
{[%emt 00:00:13]} Kd5 {[%clk 00:11:58]} {[%emt 00:00:04]} 44. Kf2 {[%clk
00:00:42]} {[%emt 00:00:07]} Ke4 {[%clk 00:11:58]} {[%emt 00:00:01]} 45. Bb2
{[%clk 00:00:38]} {[%emt 00:00:13]} Bf7 {[%clk 00:11:58]} {[%emt 00:00:03]} 46.
Bc1 {[%clk 00:00:30]} {[%emt 00:00:18]} Bg6 {[%clk 00:11:58]} {[%emt 00:00:01]}
47. Bb2 {[%clk 00:00:30]} {[%emt 00:00:04]} Kd5 {[%clk 00:11:44]} {[%emt
00:00:24]} 48. Ke3 {[%clk 00:00:21]} {[%emt 00:00:20]} Kc4 {[%clk 00:11:44]} 49.
Kf3 {[%clk 00:00:16]} {[%emt 00:00:15]} Kb3 {[%clk 00:11:44]} {[%emt 00:00:02]}
50. Bc1 {[%clk 00:00:16]} {[%emt 00:00:02]} Ka2 {[%clk 00:11:05]} {[%emt
00:00:49]} 51. g4 {[%clk 00:00:16]} {[%emt 00:00:02]} hxg4+ {[%clk 00:11:05]}
{[%emt 00:00:01]} 52. hxg4 {[%clk 00:00:11]} {[%emt 00:00:15]} Kb1 {[%clk
00:11:05]} {[%emt 00:00:01]} 53. Ba3 {[%clk 00:00:11]} {[%emt 00:00:01]} c1=R
{[%clk 00:11:05]} {[%emt 00:00:04]} 54. Bxc1 {[%clk 00:00:11]} {[%emt
00:00:01]} Kxc1 {[%clk 00:11:05]} {[%emt 00:00:02]} 55. Ke3 {[%clk 00:00:11]}
{[%emt 00:00:02]} Kc2 {[%clk 00:11:05]} {[%emt 00:00:02]} 56. g3 {[%clk
00:00:11]} {[%emt 00:00:03]} Bh7 {[%clk 00:11:05]} {[%emt 00:00:01]} 57. g5
{[%clk 00:00:11]} {[%emt 00:00:01]} Bg6 {[%clk 00:11:05]} {[%emt 00:00:01]} 58.
g4 {[%clk 00:00:11]} {[%emt 00:00:07]} Bh7 {[%clk 00:11:05]} {[%emt 00:00:05]}
59. g6 {[%clk 00:00:08]} {[%emt 00:00:13]} Bxg6 {[%clk 00:11:05]} {[%emt
00:00:03]} 60. g5 {[%clk 00:00:08]} {[%emt 00:00:03]} Bh7 {[%clk 00:11:05]}
{[%emt 00:00:03]} 61. g6 {[%clk 00:00:08]} {[%emt 00:00:02]} Bxg6 {[%clk
00:11:05]} {[%emt 00:00:01]} 0-1

[Event "2024 US National High School (K-12) Championship"]
[Site "Baltimore, Maryland, United States"]
[Date "2024.04.05"]
[Round "2.8"]
[White "Lu, Maximillian"]
[Black "Venkatesh, Narayan"]
[Result "1-0"]
[TimeControl "G/90; d10"]
[WhiteTitle "IM"]
[BlackTitle "CM"]
[WhiteFideId "2096242"]
[BlackFideId "30987881"]
[WhiteElo "2452"]
[BlackElo "2124"]

1. Nf3 {[%clk 01:30:00]} d5 {[%clk 01:29:30]} {[%emt 00:00:42]} 2. g3 {[%clk
01:30:00]} {[%emt 00:00:01]} Bg4 {[%clk 01:29:27]} {[%emt 00:00:12]} 3. Bg2
{[%clk 01:30:00]} {[%emt 00:00:01]} Nd7 {[%clk 01:29:27]} {[%emt 00:00:10]} 4.
c4 {[%clk 01:30:00]} {[%emt 00:00:02]} e6 {[%clk 01:29:25]} {[%emt 00:00:12]} 5.
cxd5 {[%clk 01:30:00]} {[%emt 00:00:04]} exd5 {[%clk 01:29:21]} {[%emt
00:00:13]} 6. h3 {[%clk 01:30:00]} {[%emt 00:00:02]} Bh5 {[%clk 01:26:07]}
{[%emt 00:03:24]} 7. Nc3 {[%clk 01:29:40]} {[%emt 00:00:31]} Ngf6 {[%clk
01:25:54]} {[%emt 00:00:23]} 8. d3 {[%clk 01:29:06]} {[%emt 00:00:44]} c6
{[%clk 01:23:40]} {[%emt 00:02:21]} 9. O-O {[%clk 01:27:49]} {[%emt 00:01:28]}
Be7 {[%clk 01:21:38]} {[%emt 00:02:13]} 10. Qc2 {[%clk 01:21:41]} {[%emt
00:06:18]} O-O {[%clk 01:18:13]} {[%emt 00:03:35]} 11. e4 {[%clk 01:17:56]}
{[%emt 00:03:55]} dxe4 {[%clk 01:02:26]} {[%emt 00:15:56]} 12. dxe4 {[%clk
01:17:56]} {[%emt 00:00:07]} Nc5 {[%clk 00:57:11]} {[%emt 00:05:25]} 13. Rd1
{[%clk 01:16:20]} {[%emt 00:01:46]} Qc8 {[%clk 00:56:03]} {[%emt 00:01:14]} 14.
g4 {[%clk 01:15:22]} {[%emt 00:01:12]} Bg6 {[%clk 00:55:32]} {[%emt 00:00:40]}
15. Ne5 {[%clk 01:14:18]} {[%emt 00:01:15]} Rd8 {[%clk 00:49:02]} {[%emt
00:06:39]} 16. Be3 {[%clk 01:14:08]} {[%emt 00:00:20]} Nfd7 {[%clk 00:46:01]}
{[%emt 00:03:10]} 17. Nc4 {[%clk 01:05:41]} {[%emt 00:08:38]} Qc7 {[%clk
00:37:15]} {[%emt 00:08:53]} 18. f4 {[%clk 00:55:26]} {[%emt 00:10:29]} f6
{[%clk 00:36:00]} {[%emt 00:01:24]} 19. Rac1 {[%clk 00:51:14]} {[%emt
00:04:24]} Bf7 {[%clk 00:31:35]} {[%emt 00:04:34]} 20. Ne2 {[%clk 00:44:35]}
{[%emt 00:06:49]} Nb6 {[%clk 00:19:58]} {[%emt 00:11:47]} 21. Na5 {[%clk
00:44:28]} {[%emt 00:00:17]} Nbd7 {[%clk 00:17:21]} {[%emt 00:02:46]} 22. b4
{[%clk 00:43:06]} {[%emt 00:01:33]} Ne6 {[%clk 00:15:32]} {[%emt 00:01:59]} 23.
a3 {[%clk 00:42:48]} {[%emt 00:00:28]} Rac8 {[%clk 00:10:09]} {[%emt 00:05:33]}
24. Nb3 {[%clk 00:32:12]} {[%emt 00:10:46]} Bd6 {[%clk 00:09:10]} {[%emt
00:01:09]} 25. Rf1 {[%clk 00:29:21]} {[%emt 00:03:01]} Qb8 {[%clk 00:06:59]}
{[%emt 00:02:21]} 26. Qb1 {[%clk 00:23:21]} {[%emt 00:06:10]} Nef8 {[%clk
00:05:44]} {[%emt 00:01:24]} 27. Ned4 {[%clk 00:17:39]} {[%emt 00:05:53]} Ng6
{[%clk 00:05:09]} {[%emt 00:00:45]} 28. Ne2 {[%clk 00:14:09]} {[%emt 00:03:39]}
Nb6 {[%clk 00:04:46]} {[%emt 00:00:34]} 29. Na5 {[%clk 00:12:55]} {[%emt
00:01:24]} Bc7 {[%clk 00:04:15]} {[%emt 00:00:40]} 30. Qc2 {[%clk 00:09:08]}
{[%emt 00:03:59]} Rd7 {[%clk 00:03:38]} {[%emt 00:00:47]} 31. Rcd1 {[%clk
00:08:49]} {[%emt 00:00:30]} Rxd1 {[%clk 00:03:16]} {[%emt 00:00:31]} 32. Qxd1
{[%clk 00:08:49]} {[%emt 00:00:02]} Rd8 {[%clk 00:03:16]} {[%emt 00:00:03]} 33.
Qc2 {[%clk 00:08:14]} {[%emt 00:00:44]} Nc8 {[%clk 00:03:05]} {[%emt 00:00:20]}
34. Nc4 {[%clk 00:07:30]} {[%emt 00:00:56]} Nd6 {[%clk 00:03:04]} {[%emt
00:00:10]} 35. Nxd6 {[%clk 00:05:55]} {[%emt 00:01:46]} Rxd6 {[%clk 00:02:58]}
{[%emt 00:00:15]} 36. Ng3 {[%clk 00:04:21]} {[%emt 00:01:44]} Rd7 {[%clk
00:02:40]} {[%emt 00:00:28]} 37. Qf2 {[%clk 00:04:10]} {[%emt 00:00:23]} Rd3
{[%clk 00:02:19]} {[%emt 00:00:29]} 38. Bxa7 {[%clk 00:02:41]} {[%emt
00:01:39]} Qd8 {[%clk 00:02:19]} {[%emt 00:00:05]} 39. Nh5 {[%clk 00:00:48]}
{[%emt 00:02:04]} Rxa3 {[%clk 00:01:39]} {[%emt 00:00:50]} 40. Bc5 {[%clk
00:00:48]} {[%emt 00:00:08]} Ra2 {[%clk 00:01:23]} {[%emt 00:00:25]} 41. Qg3
{[%clk 00:00:46]} {[%emt 00:00:13]} Bb6 {[%clk 00:00:58]} {[%emt 00:00:34]} 42.
Qe3 {[%clk 00:00:12]} {[%emt 00:00:45]} Bxc5 {[%clk 00:00:58]} {[%emt
00:00:06]} 43. bxc5 {[%clk 00:00:12]} {[%emt 00:00:09]} Nh4 {[%clk 00:00:47]}
{[%emt 00:00:20]} 44. Bh1 {[%clk 00:00:12]} {[%emt 00:00:10]} Qd2 {[%clk
00:00:16]} {[%emt 00:00:39]} 45. Qxd2 Rxd2 {[%clk 00:00:16]} 46. Ng3 {[%clk
00:00:06]} {[%emt 00:00:16]} Rd3 {[%clk 00:00:13]} {[%emt 00:00:08]} 47. Ne2
{[%clk 00:00:06]} {[%emt 00:00:13]} Rxh3 {[%clk 00:00:13]} {[%emt 00:00:09]} 48.
Rb1 {[%clk 00:00:06]} {[%emt 00:00:04]} Rb3 {[%clk 00:00:13]} {[%emt 00:00:02]}
49. Rd1 {[%clk 00:00:06]} {[%emt 00:00:07]} Bc4 {[%clk 00:00:06]} {[%emt
00:00:15]} 50. Rd8+ {[%clk 00:00:06]} {[%emt 00:00:03]} Kf7 {[%clk 00:00:06]}
{[%emt 00:00:01]} 51. Nd4 {[%clk 00:00:06]} {[%emt 00:00:02]} Ke7 {[%clk
00:00:05]} {[%emt 00:00:07]} 52. Rb8 {[%clk 00:00:06]} {[%emt 00:00:12]} Rb1+
{[%clk 00:00:05]} {[%emt 00:00:04]} 53. Kh2 {[%clk 00:00:06]} {[%emt 00:00:02]}
Ng6 {[%clk 00:00:05]} {[%emt 00:00:10]} 54. Nf5+ {[%clk 00:00:06]} {[%emt
00:00:09]} Kd7 {[%clk 00:00:05]} 55. Nxg7 {[%clk 00:00:06]} {[%emt 00:00:10]}
Nxf4 {[%clk 00:00:05]} {[%emt 00:00:01]} 56. Ne8 {[%clk 00:00:06]} {[%emt
00:00:07]} Ke7 {[%clk 00:00:02]} {[%emt 00:00:14]} 57. Nd6 {[%emt 00:00:06]}
Ba6 {[%clk 00:00:02]} {[%emt 00:00:03]} 58. Bf3 {[%clk 00:00:06]} {[%emt
00:00:06]} Rb2+ {[%clk 00:00:02]} {[%emt 00:00:01]} 59. Kg3 {[%clk 00:00:06]}
Ne6 {[%clk 00:00:02]} {[%emt 00:00:05]} 60. Nc8+ {[%clk 00:00:03]} {[%emt
00:00:13]} Kd7 {[%clk 00:00:02]} {[%emt 00:00:03]} 61. Nb6+ {[%clk 00:00:03]}
{[%emt 00:00:01]} Ke7 {[%clk 00:00:02]} {[%emt 00:00:02]} 62. Nc8+ {[%clk
00:00:03]} {[%emt 00:00:07]} Kf7 {[%clk 00:00:02]} {[%emt 00:00:04]} 63. Nd6+
{[%clk 00:00:03]} {[%emt 00:00:02]} Ke7 {[%clk 00:00:02]} {[%emt 00:00:03]} 64.
Nf5+ {[%clk 00:00:03]} {[%emt 00:00:05]} Kd7 {[%clk 00:00:02]} {[%emt
00:00:01]} 65. Rh8 {[%clk 00:00:03]} {[%emt 00:00:07]} Ng5 {[%clk 00:00:02]}
{[%emt 00:00:03]} 66. Bg2 {[%clk 00:00:03]} {[%emt 00:00:06]} Rb3+ {[%clk
00:00:02]} {[%emt 00:00:02]} 67. Kh2 {[%clk 00:00:03]} {[%emt 00:00:05]} Rc3
{[%clk 00:00:02]} {[%emt 00:00:01]} 68. Rg8 {[%clk 00:00:03]} {[%emt 00:00:07]}
Rxc5 {[%clk 00:00:02]} {[%emt 00:00:05]} 69. Rg7+ {[%clk 00:00:03]} {[%emt
00:00:01]} Ke8 {[%clk 00:00:02]} {[%emt 00:00:02]} 70. Nd6+ {[%clk 00:00:03]}
{[%emt 00:00:07]} Kf8 {[%clk 00:00:02]} {[%emt 00:00:01]} 71. Rc7 {[%clk
00:00:03]} {[%emt 00:00:04]} Rc2 {[%clk 00:00:02]} {[%emt 00:00:05]} 72. Kg3
{[%clk 00:00:03]} {[%emt 00:00:04]} Rb2 {[%clk 00:00:02]} {[%emt 00:00:08]} 73.
Nf5 {[%clk 00:00:03]} {[%emt 00:00:07]} Rb3+ {[%clk 00:00:02]} {[%emt
00:00:03]} 74. Kh2 {[%clk 00:00:03]} {[%emt 00:00:04]} Be2 {[%clk 00:00:02]}
{[%emt 00:00:04]} 75. Nd4 {[%clk 00:00:03]} {[%emt 00:00:03]} Rb2 {[%clk
00:00:02]} {[%emt 00:00:06]} 76. Kg3 {[%clk 00:00:03]} {[%emt 00:00:05]} Bd3
{[%clk 00:00:02]} {[%emt 00:00:04]} 77. Rc8+ {[%clk 00:00:03]} {[%emt
00:00:07]} Kf7 {[%clk 00:00:02]} {[%emt 00:00:02]} 78. Rc7+ {[%clk 00:00:03]}
{[%emt 00:00:02]} Kg8 {[%clk 00:00:02]} {[%emt 00:00:02]} 79. Rc8+ {[%clk
00:00:03]} {[%emt 00:00:09]} Kf7 {[%clk 00:00:02]} {[%emt 00:00:03]} 80. Rc7+
{[%clk 00:00:03]} {[%emt 00:00:01]} Ke8 {[%clk 00:00:02]} {[%emt 00:00:01]} 81.
Nf5 {[%clk 00:00:03]} {[%emt 00:00:07]} Ba6 {[%clk 00:00:02]} {[%emt 00:00:09]}
82. Nd6+ {[%clk 00:00:03]} {[%emt 00:00:08]} Kd8 {[%clk 00:00:02]} 83. Rg7
{[%clk 00:00:03]} {[%emt 00:00:04]} Rd2 {[%clk 00:00:02]} {[%emt 00:00:05]} 84.
Nf5 {[%clk 00:00:03]} {[%emt 00:00:08]} c5 {[%clk 00:00:02]} {[%emt 00:00:06]}
85. e5 {[%clk 00:00:03]} {[%emt 00:00:02]} Rd3+ {[%clk 00:00:02]} {[%emt
00:00:05]} 86. Kf2 {[%clk 00:00:03]} {[%emt 00:00:04]} 1-0